1437 1780 1726 1560 1979 1927 1166 1659 1971 1881 1231 1572 1037 1639 1507 1596 1274 1936 1068 1422 1349 1205 1862 1781 1720 1583 1546 1686 1582 1933 1898 1032 1905 1172 1464 1021 1943 1329 1091 1637 1771 1763 1374 1901 1773 1044 1363 1843 1045 1241 1609 1323 1489 1355 1762 1392 1212 1851 1603 1542 1586 1046 1664 1216 1904 1218 1721 1062 1193 1790 1410 1489 1336 1208 1091 1314 1338 1626 1248 1710 1301 1664 1469 1230 1144 1618 1202 1177 1446 1477 1136 1215 1151 1476 1684 1552 1114 1005 1943 BCNSPRNW ULIB Ver.6.0+V

เปลี่ยนเป็นภาษาไทย

Change to English
 แสดงรายละเอียดบรรณานุกรม
  กลับหน้าหลัก

Brief Record : Get Marc (ISO 2709) : E-mail record : QR code < ปิดหน้าต่าง
LEADER : 00000nam 2200000uu 4500
001    13399122225
003     ULIB
008    130114s2553||||th 000 0 tha d
020    ^a9786167287492
060  4 ^aWY159^bต367ภ ล.2
110 1  ^aวิทยาลัยพยาบาลสภากาชาดไทย, ภาควิชาการพยาบาลเด็กและการผดุงครรภ์
245 00 ^aตำราการพยาบาลเด็ก^nเล่ม 2./^cภาควิชาการพยาบาลเด็กและการผดุงครรภ์ วิทยาลัยพยาบาลสภากาชาดไทย
260    ^aกรุงเทพฯ :^bภาควิชาการพยาบาลเด็กและการผดุงครรภ์ วิทยาลัยพยาบาลสภากาชาดไทย,^c2553
300    ^a215 หน้า :^bภาพประกอบ
505 0  ^aการพยาบาลเด็กที่มีปัญหาการขับถ่ายอุจจาระ - - การพยาบาลเด็กที่มีปัญหาการรู้สติ - - การพยาบาลเด็กที่มีปัญหาการรับความรู้สึก - - การพยาบาลเด็กที่มีปัญหาการเคลื่อนไหว - - การพยาบาลเด็กที่มีปัญหาการปกป้องร่างกาย : ภูมิคุ้มกัน - - การพยาบาลเด็กที่มีปัญหาการปกป้องร่างกาย : ผิวหนัง - - การพยาบาลเด็กที่มีปัญหาการปกป้องร่างกาย : อุณหภูมิ - - การพยาบาลเด็กที่มีปัญหาการปกป้องร่างกาย :เลือดออกผิดปกติ
650  7 ^aการพยาบาลกุมารเวชศาสตร์
710 1  ^aวิทยาลัยพยาบาลสภากาชาดไทย.^bภาควิชาการพยาบาลเด็กและการผดุงครรภ์
945    ^p260^l0^i19691
945    ^p260^l0^i19692
995    ^aกัณชพร
999    ^aใช้งานได้ทุกระบบ
รายการนี้ยังไม่มีแท็ก
คุณยังไม่ได้ล็อกอิน คุณสามารถมีกิจกรรมร่วมกับเว็บไซต์ได้ แต่ต้องล็อกอินก่อน ::
  ล็อกอิน

รายการสื่อสารสนเทศ

ลำดับที่ ประเภท เลขเรียก/บาร์โค้ด สถานที่ สถานะ
1. Book การพยาบาล
Book การพยาบาล
WY159 ต367ภ ล.2  
  Barcode: 19691
ห้องสมุดวิทยาเขตนครสวรรค์
►ส่วนจัดเก็บหนังสือเก่า นว.
บนชั้น
  ขอยืม
2. Book การพยาบาล
Book การพยาบาล
WY159 ต367ภ ล.2 ฉ.2 
  Barcode: 19692
ห้องสมุดวิทยาเขตนครสวรรค์
►ส่วนจัดเก็บหนังสือเก่า นว.
บนชั้น
  ขอยืม

รายการใกล้เคียง
    หัวเรื่อง [การพยาบาลกุมารเวชศาสตร์]

BibComment


ยังไม่เคยถูกคอมเมนท์

คอมเมนท์ทรัพยากรรายการนี้
  คอมเมนท์: ตำราการพยาบาลเด็..


 Copyright 2026. Bcnsprnw @Library